| 000 -LEADER |
| fixed length control field |
00558nam a2200193 a 4500 |
| 001 - CONTROL NUMBER |
| control field |
:::00008310$&:&@@ |
| 003 - CONTROL NUMBER IDENTIFIER |
| control field |
OkBaRHE |
| 005 - DATE AND TIME OF LATEST TRANSACTION |
| control field |
20100331132616.0 |
| 008 - FIXED-LENGTH DATA ELEMENTS--GENERAL INFORMATION |
| fixed length control field |
s1934 j 000 0 eng u |
| 040 ## - CATALOGING SOURCE |
| Transcribing agency |
|
| 100 1# - MAIN ENTRY--PERSONAL NAME |
| Personal name |
Harrison, Norman, B. |
| 245 10 - TITLE STATEMENT |
| Title |
His book or sturcture in scripture. |
| 250 ## - EDITION STATEMENT |
| Edition statement |
[1st ed.] |
| 260 ## - PUBLICATION, DISTRIBUTION, ETC. (IMPRINT) |
| Place of publication, distribution, etc |
Chicago, Illinois |
| Name of publisher, distributor, etc |
Moody Press |
| Date of publication, distribution, etc |
1934 |
| 300 ## - PHYSICAL DESCRIPTION |
| Extent |
112 p. |
| 700 ## - ADDED ENTRY--PERSONAL NAME |
| Personal name |
Dudley, Cliff. |
| 942 ## - ADDED ENTRY ELEMENTS (KOHA) |
| Source of classification or shelving scheme |
|
| Koha item type |
Books |